| 000 | 00643cab a2200241 4500 | ||
|---|---|---|---|
| 001 | X44 | ||
| 008 | 090401t1991 xxu||||| |||| 00| 0 eng d | ||
| 035 | _a(Sirsi) u44725 | ||
| 041 | _aeng | ||
| 100 | _aDixon, C. | ||
| 245 | _aConsulting the red book | ||
| 260 | _c1991 | ||
| 350 | _a0 | ||
| 490 |
_aCS Monthly : Rural Practice _v1 (3) November 1991, 4-5(2) |
||
| 650 | _aAGRICULTURAL BUILDINGS | ||
| 650 | _aASSET VALUATION | ||
| 650 | _aSTATEMENTS OF ASSET VALUATION PRACTICE AND GUIDANCE NOTES | ||
| 650 |
_aValuation _96273 |
||
| 690 | _aRATING AND VALUATION | ||
| 690 | _aRURAL PRACTICE | ||
| 942 | _n0 | ||
| 948 | _c04/03/1997 | ||
| 999 |
_c28420 _d28420 |
||